Рабочий техникум на дому. Кн. 5: Котельное дело (Запись № 13589877)
[ простой вид ]
| 000 -МАРКЕР | |
|---|---|
| контрольное поле | 01310nam2a2200289 4500 |
| 001 - ИДЕНТИФИКАТОР ЗАПИСИ | |
| контрольное поле | rc\2895538 |
| 005 - ИДЕНТИФИКАТОР ВЕРСИИ | |
| контрольное поле | 20260315053419.0 |
| 035 ## - ДРУГИЕ СИСТЕМНЫЕ НОМЕРА | |
| Идентификатор записи | (NLR Aleph) 007047489 |
| 100 ## - ДАННЫЕ ОБЩЕЙ ОБРАБОТКИ | |
| Данные общей обработки | 20110727d1931 u y0rusy50 ca |
| 101 0# - ЯЗЫК РЕСУРСА | |
| Язык текста, звукозаписи и т.д. | русский |
| 102 ## - СТРАНА ПУБЛИКАЦИИ ИЛИ ПРОИЗВОДСТВА | |
| Страна публикации | Российская Федерация |
| 105 ## - ПОЛЕ КОДИРОВАННЫХ ДАННЫХ: ТЕКСТОВЫЕ МАТЕРИАЛЫ, МОНОГРАФИЧЕСКИЕ | |
| Кодированные данные о монографическом текстовом документе | a z ||||| |
| 200 1# - ЗАГЛАВИЕ И СВЕДЕНИЯ ОБ ОТВЕТСТВЕННОСТИ | |
| Основное заглавие | Котельное дело |
| Обозначение и номер части | Ч. I ... |
| Первые сведения об ответственности | Инж. П.В. Самойлов |
| 210 ## - ПУБЛИКАЦИЯ, РАСПРОСТРАНЕНИЕ И ДР. | |
| Дата издания, распространения и т.д. | 1931 |
| 215 ## - ФИЗИЧЕСКАЯ ХАРАКТЕРИСТИКА | |
| Специфическое обозначение материала и объем | 94 с., 2 с. объявл. |
| Другие сведения о физической характеристике | ил. |
| 300 ## - ОБЩИЕ ПРИМЕЧАНИЯ | |
| Текст примечания | Редакторы Отд. металлообработки проф. К.Г. Грейнер и отв. ред. инж. Г.Я. Вейнберг |
| 461 #0 - УРОВЕНЬ НАБОРА | |
| Встроенное поле | 001rc\2895537 |
| -- | 2001#$aРабочий техникум на дому$iМеталлообработка$vКн. 5 |
| Системный номер (АБИС) связанной записи | 6157743 |
| Место публикации | Ленинград |
| Дата публикации | 1931 |
| Заглавие части | Металлообработка |
| Имя издателя, распространителя и т.д. | Прибой |
| Заглавие | Рабочий техникум на дому |
| Номер тома | Кн. 5 |
| 700 #1 - ИМЯ ЛИЦА - ПЕРВИЧНАЯ ОТВЕТСТВЕННОСТЬ | |
| Начальный элемент ввода | Самойлов |
| Часть имени, кроме начального элемента ввода | П.В. |
| 702 #1 - ИМЯ ЛИЦА - ВТОРИЧНАЯ ОТВЕТСТВЕННОСТЬ | |
| Начальный элемент ввода | Грейнер |
| Часть имени, кроме начального элемента ввода | К.Г. |
| Код отношения | Редактор |
| 702 #1 - ИМЯ ЛИЦА - ВТОРИЧНАЯ ОТВЕТСТВЕННОСТЬ | |
| Код отношения | Редактор |
| Графика поля | Кириллица |
| Материалы, к которым относится поле | rus |
| Начальный элемент ввода | Вейнберг |
| Часть имени, кроме начального элемента ввода | Г. Я. |
| Дополнения к именам, кроме дат | инженер-технолог, производство стали |
| Даты | 1867- |
| Расширение инициалов личного имени | Григорий Яковлевич |
| Системный номер авторитетной/нормативной записи | 175084 |
| Идентификатор авторитетной/нормативной записи | RU\NLR\AUTH\770175135 |
| 801 #0 - ИСТОЧНИК ЗАПИСИ | |
| Страна | Российская Федерация |
| Организация | NLR |
| Правила каталогизации | psbo |
| 801 #1 - ИСТОЧНИК ЗАПИСИ | |
| Страна | Российская Федерация |
| Организация | ELAR |
| Источник данных | rusmarc |
| 852 ## - МЕСТОНАХОЖДЕНИЕ И ШИФР ХРАНЕНИЯ | |
| Идентификатор организации | NLR |
| Шифр хранения (Call Number) | 30.18/392(5) |
| 942 ## - ДОПОЛНИТЕЛЬНЫЕ ЭЛЕМЕНТЫ ЗАПИСИ (АБИС) | |
| Тип экземпляра АБИС | Неопределено |
| 980 ## - КОЛЛЕКЦИЯ | |
| Название коллекции | Национальная библиография |
Нет доступных экземпляров.